|
|
|
|
| LEADER |
01136nam a2200229 a 4500 |
| 001 |
GR-MES8727 |
| 008 |
010716s2000 gr u000 0 gre d |
| 020 |
|
|
|a 9603513067
|
| 040 |
|
|
|a GrPaTEI
|b gre
|c GR-PaULI
|
| 082 |
|
0 |
|a 650.14
|2 20
|
| 100 |
1 |
|
|a Ρεβελιώτης, Χρήστος
|
| 245 |
1 |
2 |
|a Η αγορά εργασίας και τα μυστικά της :
|b το βιογραφικό σημείωμα, η διαβιβαστική επιστολή, τα ψυχομετρικά τεστ, η συνέντευξη /
|c Χρήστος Ρεβελιώτης.
|
| 260 |
|
|
|a Αθήνα :
|b Α. Σταμούλης,
|c c2000
|
| 300 |
|
|
|a 163 σ. :
|b εικ. ;
|c 24 εκ.
|
| 504 |
|
|
|a Βιβλιογραφία: σ. [165]
|
| 650 |
|
4 |
|a ΒΙΟΓΡΑΦΙΚΟ ΣΗΜΕΙΩΜΑ
|
| 650 |
|
4 |
|a Προσφορά εργασίας
|
| 650 |
|
4 |
|a Συνεντεύξεις
|
| 942 |
|
|
|2 ddc
|
| 952 |
|
|
|0 0
|1 0
|2 ddc
|4 0
|6 650_140000000000000_ΡΕΒ
|7 0
|9 279090
|a MSLG
|b MSLG
|c BSC
|d 2021-01-17
|e 24
|f 0
|g 0.00
|l 0
|o 650.14 ΡΕΒ
|p 2420000018892
|r 2021-01-17 00:00:00
|t 1
|w 2021-01-17
|y BK15
|x 20030711 0 1
|x GrPaTEI
|
| 971 |
|
|
|a .b25871985
|b 16-04-20
|c 14-09-16
|
| 999 |
|
|
|c 162558
|d 162558
|